Principles of fluorescence spectroscopy

The third edition of this established classic text reference builds upon the strengths of its very popular predecessors. Organized as a broadly useful textbook Principles of Fluorescence Spectroscopy, 3rd edition maintains its emphasis on basics, while updating the examples to include recent results...

全面介绍

Đã lưu trong:
书目详细资料
主要作者: Lakowicz, Joseph
格式: 图书
语言:Undetermined
出版: New York Springer 2006
主题:
标签: 添加标签
没有标签, 成为第一个标记此记录!
Thư viện lưu trữ: Trung tâm Học liệu Trường Đại học Cần Thơ
LEADER 01381nam a2200217Ia 4500
001 CTU_237227
008 210402s9999 xx 000 0 und d
082 |a 543.56 
082 |b L192 
100 |a Lakowicz, Joseph 
245 0 |a Principles of fluorescence spectroscopy 
245 0 |c Joseph R. Lakowicz. 
260 |a New York 
260 |b Springer 
260 |c 2006 
520 |a The third edition of this established classic text reference builds upon the strengths of its very popular predecessors. Organized as a broadly useful textbook Principles of Fluorescence Spectroscopy, 3rd edition maintains its emphasis on basics, while updating the examples to include recent results from the scientific literature. The third edition includes new chapters on single molecule detection, fluorescence correlation spectroscopy, novel probes and radiative decay engineering. Includes a link to Springer Extras to download files reproducing all book artwork, for easy use in lecture slides. This is an essential volume for students, researchers, and industry professionals in biophysics, biochemistry, biotechnology, bioengineering, biology and medicine. 
526 |a Kỹ thuật phân tích huỳnh quang 
526 |b TN428 
650 |a Fluorescence spectroscopy.,Huỳnh quang phổ. 
910 |a Tuyến 
980 |a Trung tâm Học liệu Trường Đại học Cần Thơ